ON 45 1038 Závitové spojení vrtných trubek,nátrubků a spojek pro nárazové vrtání

Bibliographic Details
Format: Book
Language:Undetermined
PhysicalDescription:4 s.
Published: Praha ÚNM 1968

MARC

LEADER 00000nam a2200000 a 4500
001 vtls001266803
003 SK-MaSNL
005 20260224105009.0
008 210928s1968 xx 0 und
035 |a SNK000217749 
040 |a SNK  |b slo  |c SNK  |e AACR2 
245 1 |a ON 45 1038 Závitové spojení vrtných trubek,nátrubků a spojek pro nárazové vrtání 
260 |a Praha  |b ÚNM  |c 1968 
300 |a 4 s. 
958 |a OND 
999 |c 970809  |d 972739 
952 |t P60, <04>, [BOOK], {604}  |a SNK  |b SNK  |y VYP  |7 0  |p 17A0018941  |o snkON 45 1038  |0 0  |1 0  |4 0  |d 1996-11-20  |l 0  |r 2005-01-01 00:00:00  |w 2026-02-24